[Event "DSOL 06 Liga Gr-C 1st"]
[Site "Playchess.com INT"]
[Date "2020.07.10"]
[Round "3.1"]
[White "Schabel, Eberhard"]
[Black "Hegi, Brandan Marcel"]
[Result "1/2-1/2"]
[WhiteElo "1788"]
[BlackElo "1559"]
[PlyCount "62"]
[EventDate "2020.06.22"]
[EventType "team-tourn (rapid)"]
[EventCountry "GER"]
[SourceTitle "EXT 2021"]
[Source "ChessBase"]
[SourceDate "2020.10.23"]
[SourceVersion "1"]
[SourceVersionDate "2020.10.23"]
[SourceQuality "1"]
[WhiteTeam "Norderstedt III"]
[BlackTeam "Welzheim"]
[WhiteTeamCountry "GER"]
[BlackTeamCountry "GER"]

1. e4 e5 2. Nf3 Nc6 3. d4 exd4 4. Nxd4 Nxd4 5. Qxd4 d6 6. Nc3 Nf6 7. Bg5 Be7 8. Bd3 0-0 9. 0-0 Be6 10. Qe3 Ng4 11. Bxe7 Qxe7 12. Qg3 Ne5 13. Rac1 Nxd3 14. cxd3 f5 15. f4 fxe4 16. dxe4 Rf7 17. b3 Raf8 18. f5 Bd7 19. Rfe1 Bc6 20. Re3 Qf6 21. Rce1 Qd4 22. Qf2 Rf6 23. Rd1 Qe5 24. Qg3 Qc5 25. Nd5 Bxd5 26. Rxd5 Qc1+ 27. Qe1 Qc2 28. Rd2 Qc5 29. Rd5 Qc2 30. Rd2 Qc5 31. Rd5 Qc2 1/2-1/2